000 00418pab a2200145 454500
008 180718b2002 xxu||||| |||| 00| 0 eng d
100 _aThaangavel, C.
245 _aEffects of socio-economic characteristics and infrastructure on settlement process in private land subdivisions - Chennai
260 _c2002
300 _ap.35-48.
362 _aJan-Mar
650 _aLand use
773 _aNagarlok
909 _a53786
999 _c53786
_d53786